| 000 | 00823nam a2200253 a 4500 | ||
|---|---|---|---|
| 008 | |||
| 020 | _a0521444365 (hbk.) | ||
| 049 | _aMAIN | ||
| 090 | 0 | 1 | _aRC271.G45 |
| 245 | 0 | 0 |
_aGene therapy in the treatment of cancer : _bprogress and prospects / _cedited by Brian E. Huber and Ian Magrath. |
| 260 |
_aCambridge : _bCambridge University Press, _c1998. |
||
| 300 |
_axi, 216 p. : _bill. ; _c24 cm. |
||
| 440 | 0 | _aCancer, clinical science in practice. | |
| 500 | _aIncludes index. | ||
| 504 | _aIncludes bibliographical references. | ||
| 650 | 0 |
_aCancer _xGene therapy. |
|
| 700 | 1 | _aHuber, Brian Edward. | |
| 700 | 1 | _aMagrath, Ian. | |
| 907 |
_a.b10146908 _b04-02-05 _c18-01-05 |
||
| 003 | |||
| 005 | 20230120203837.0 | ||
| 040 | _cNUST | ||
| 942 |
_cBOOKS _kRC271.G45 |
||
| 999 |
_c112469 _d112469 |
||